[Event "Spring Server Series, S02066"]
[Site "CCLA"]
[Date "2020.05.26"]
[Round "?"]
[White "Berger, Byron"]
[Black "Williams, Rufus H."]
[Result "0-1"]
[WhiteElo "1298"]
[BlackElo "1312"]

1. Nc3 d5 2. e4 c6 3. d4 Nf6 4. e5 Ne4 5. Nxe4 dxe4 6. f3 Bf5 7. fxe4 Bxe4
8. Nf3 e6 9. Ng5 Bg6 10. c3 Be7 11. Bd3 Bxg5 0-1

[Event "Spring Server Series, S02066"]
[Site "CCLA"]
[Date "2020.05.26"]
[Round "?"]
[White "Berger, Byron"]
[Black "Jimenez, Jose"]
[Result "1-0"]
[WhiteElo "1298"]
[BlackElo "1115"]

1. Nc3 e5 2. Nf3 d6 3. d4 f6 4. dxe5 fxe5 5. e4 Nc6 6. Bc4 h6 7. Nxe5 Nxe5
8. Qh5+ Ke7 9. Bb3 g6 10. Qe2 Nf6 11. Nd5+ Ke6 12. Nxc7+ Kd7 13. Nxa8 b6 
14. Qb5+ Ke7 15. Bf4 a6 16. Qe2 Bb7 17. O-O-O Bxa8 18. Bxe5 dxe5 19. Rxd8 
Kxd8 20. Rd1+ Nd7 21. Be6 Bc6 22. Bxd7 Bxd7 23. Qd2 h5 24. Qxd7# 1-0

[Event "Spring Server Series, S02066"]
[Site "CCLA"]
[Date "2020.05.26"]
[Round "?"]
[White "Williams, Rufus H."]
[Black "Hodgkins, Neil C."]
[Result "1/2-1/2"]
[WhiteElo "1312"]
[BlackElo "1408"]

1. e4 e5 2. Nf3 Nc6 3. Bb5 Nf6 4. O-O a6 5. Bc4 d5 6. exd5 Nxd5 7. Nc3 Be6
8. a3 b5 9. Be2 Bd6 10. d4 exd4 11. Nxd4 Nxc3 12. bxc3 Nxd4 13. cxd4 c6 
14. Bb2 O-O 15. Re1 Qc7 16. g3 Rfe8 17. Bh5 g6 18. Bf3 Rad8 19. Qd2 Bf8 
20. Qg5 Bg7 21. Rad1 Qe7 22. Qxe7 Rxe7 23. Bxc6 Rc7 24. Be4 Rcd7 25. c3 f5
26. Bc2 Bc4 27. Rd2 Rd5 28. Re7 R5d7 29. Rxd7 Rxd7 30. f4 Kf7 31. Kf2 Rd5 
32. Rd1 a5 33. Ke3 Rd6 34. Kf2 Re6 35. Rd2 Bf8 36. Bd3 Bxd3 37. Rxd3 Rb6 
38. d5 h6 39. Kf3 Bd6 40. Kg2 g5 41. fxg5 hxg5 42. Kf3 Kg6 43. Rd2 g4+ 44.
 Kg2 f4 45. gxf4 Bxf4 46. Rd1 Rd6 47. Rd3 Kf5 48. Rd1 Kg5 49. Rd3 Kf5 
1/2-1/2

[Event "Spring Server Series, S02066"]
[Site "CCLA"]
[Date "2020.05.26"]
[Round "?"]
[White "Williams, Rufus H."]
[Black "Berger, Byron"]
[Result "0-1"]
[WhiteElo "1312"]
[BlackElo "1298"]

1. e4 e5 2. Nf3 Nf6 3. Bc4 Nxe4 4. Bxf7+ Kxf7 5. Nxe5+ Kg8 6. Qf3 Nf6 7. 
Qb3+ d5 8. d4 Ne4 9. Nc3 Nxc3 10. bxc3 Nc6 11. O-O Nxe5 12. dxe5 c6 13. 
Re1 h6 14. Bf4 Kh7 15. Rad1 Qb6 16. Qxb6 axb6 17. Ra1 Bf5 18. Re2 Be7 19. 
Kh1 Rhf8 20. g3 Be4+ 21. Kg1 Rae8 22. a4 Bd8 23. Rb1 Bc7 24. c4 Bxe5 25. 
Bxe5 Rxe5 26. cxd5 cxd5 27. Rxb6 Rf7 28. c3 Rfe7 29. Re1 R5e6 30. Rb4 Bd3 
31. Rxe6 Rxe6 32. Rxb7 Re2 33. Kf1 Rb2+ 0-1

[Event "Spring Server Series, S02066"]
[Site "CCLA"]
[Date "2020.05.26"]
[Round "?"]
[White "Williams, Rufus H."]
[Black "Jimenez, Jose"]
[Result "1-0"]
[WhiteElo "1312"]
[BlackElo "1115"]

1. e4 e5 2. Nf3 Bd6 3. Bc4 Nf6 4. Nc3 O-O 5. d4 exd4 6. Nxd4 Nc6 7. O-O 
Ne5 8. Bb3 Bc5 9. Nf5 b6 10. a3 c6 11. Bf4 d6 12. Ba2 Bxf5 13. exf5 d5 14.
 Bxe5 Ng4 15. Qxg4 g6 16. f6 h5 17. Qg5 Kh7 18. Bf4 Rh8 19. Qh6+ Kg8 20. 
Qg7# 1-0

[Event "Spring Server Series, S02066"]
[Site "CCLA"]
[Date "2020.05.26"]
[Round "?"]
[White "Jimenez, Jose"]
[Black "Hodgkins, Neil C."]
[Result "0-1"]
[WhiteElo "1115"]
[BlackElo "1408"]

1. e4 e5 2. Nf3 Nc6 3. Bc4 Nf6 4. O-O Nxe4 5. d3 Nc5 6. Nc3 Be7 7. g3 O-O 
8. Be3 b6 9. Nd5 Ne6 10. a3 Bb7 11. b4 Ncd4 12. Nxe5 Nf5 13. Qe2 c6 14. 
Qh5 cxd5 15. Bb5 Nxe3 16. fxe3 Bc8 17. d4 Bg5 18. Bd3 g6 19. Qf3 f6 20. h4
fxe5 21. Qg4 Bxe3+ 22. Kg2 e4 23. Be2 Nxd4 24. c3 d6 25. Rxf8+ Qxf8 26. 
Rf1 Qe8 27. cxd4 Bxg4 28. Bxg4 Bxd4 29. Rd1 Bb2 30. Rxd5 Rd8 31. a4 Qxa4 
0-1

[Event "Spring Server Series, S02066"]
[Site "CCLA"]
[Date "2020.05.26"]
[Round "?"]
[White "Jimenez, Jose"]
[Black "Berger, Byron"]
[Result "1-0"]
[WhiteElo "1115"]
[BlackElo "1298"]

1. e4 e5 2. Nf3 Nf6 3. Nc3 Nc6 4. Bc4 Nxe4 5. Nxe4 d5 6. Qe2 dxc4 7. Qxc4 
Be6 8. Qd3 Qxd3 9. cxd3 O-O-O 10. O-O Rxd3 11. Neg5 Bd5 12. Ne1 Rd4 13. d3
f6 14. Ngf3 Bxf3 15. Nxf3 Rxd3 16. b3 Be7 17. Nh4 Rhd8 18. Nf5 Rd1 19. Ne3
Rxf1+ 20. Kxf1 Bc5 21. Nf5 g6 22. Ng7 Rd6 23. a3 Bb6 24. Be3 Bxe3 25. fxe3
Rd3 26. Ke2 Rxb3 27. h4 Kd7 28. g4 Ke7 29. g5 f5 30. h5 Kf7 31. h6 Nd8 32.
 Rd1 Ne6 33. Rd7+ Kf8 34. Nxe6+ 1-0

[Event "Spring Server Series, S02066"]
[Site "CCLA"]
[Date "2020.05.26"]
[Round "?"]
[White "Jimenez, Jose"]
[Black "Williams, Rufus H."]
[Result "0-1"]
[WhiteElo "1115"]
[BlackElo "1312"]

1. e4 c5 2. Nf3 d6 3. Bc4 e6 4. e5 d5 5. Bb5+ Bd7 6. Qe2 Nc6 7. Nc3 a6 8. 
Bxc6 Bxc6 9. O-O Be7 10. d4 b5 11. Bf4 cxd4 12. Nxd4 Bb7 13. a3 Qd7 14. a4
b4 15. Nb1 Rc8 16. b3 Nf6 17. exf6 Bxf6 18. Be3 O-O 19. Qg4 Qe8 20. c3 a5 
21. Bd2 Ba6 22. Re1 Bd3 23. f4 Bxb1 24. Raxb1 bxc3 25. Be3 Qe7 26. f5 e5 
27. Bh6 e4 28. Red1 c2 29. Nxc2 Rxc2 30. Rxd5 Qa7+ 31. Kf1 Qf2# 0-1

[Event "Summer Server Series, S02067"]
[Site "CCLA"]
[Date "2020.08.28"]
[Round "?"]
[White "Smolensky, Randy"]
[Black "Shannon, Paul D."]
[Result "1-0"]
[WhiteElo "2158"]
[BlackElo "2002"]

1. e4 e5 2. Nf3 Nf6 3. d4 d6 4. Nc3 Nbd7 5. Bc4 Be7 6. O-O O-O 7. a4 c6 8.
 Re1 b6 9. h3 a6 10. Bb3 Bb7 11. Nh4 Re8 12. Nf5 Qc7 13. Bg5 Bf8 14. dxe5 
dxe5 15. Qf3 b5 16. Rad1 b4 17. Nh6+ gxh6 18. Rxd7 1-0

[Event "Summer Server Series, S02067"]
[Site "CCLA"]
[Date "2020.08.28"]
[Round "?"]
[White "Smolensky, Randy"]
[Black "Silverman, Robert"]
[Result "1/2-1/2"]
[WhiteElo "2158"]
[BlackElo "1918"]

1. e4 c5 2. Nf3 a6 3. c3 e6 4. d4 d5 5. Nbd2 cxd4 6. cxd4 Nc6 7. e5 Qb6 8.
 Qb3 Qxb3 9. Nxb3 Bb4+ 10. Bd2 Nge7 11. Bxb4 Nxb4 12. Kd2 Nbc6 13. Bd3 O-O
14. Nc5 b6 15. Na4 Rb8 16. Rac1 h6 17. h3 Bd7 18. b3 Nb4 19. Rc7 Rfd8 20. 
Bb1 a5 21. Rhc1 Nbc6 22. g4 Be8 23. Ke3 Kf8 24. g5 hxg5 25. Nxg5 Rdc8 26. 
Rxc8 Nxc8 27. h4 N8e7 28. Rg1 Kg8 29. h5 Kh8 30. Rc1 Rb7 31. f4 Nd8 32. 
Bd3 g6 33. hxg6 fxg6 34. Rh1+ Kg8 35. Rc1 Kf8 36. Rh1 Nf5+ 37. Bxf5 gxf5 
38. Rh8+ Ke7 39. Rh7+ Bf7 40. Nc3 b5 41. Nxd5+ exd5 42. e6 Kf6 43. exf7 
Nxf7 44. Nxf7 Rxf7 45. Rh6+ Kg7 46. Ra6 Re7+ 47. Kf3 a4 48. bxa4 bxa4 49. 
Rxa4 Re4 50. a3 Kf6 51. Ra6+ Kf7 52. a4 Rxd4 53. a5 Rd3+ 54. Ke2 Rd4 55. 
Ke3 Re4+ 56. Kf3 Ra4 57. Ra8 Ra3+ 58. Ke2 Ke7 59. a6 Kd7 60. a7 Kc7 61. 
Rf8 Rxa7 62. Rxf5 Kc6 1/2-1/2

[Event "Summer Server Series, S02067"]
[Site "CCLA"]
[Date "2020.08.28"]
[Round "?"]
[White "Smolensky, Randy"]
[Black "Rouse, LaMont"]
[Result "1-0"]
[WhiteElo "2158"]
[BlackElo "1800"]

1. e4 d5 2. exd5 Qxd5 3. Nc3 Qd8 4. d4 Nf6 5. Bc4 e6 6. Nf3 Be7 7. O-O O-O
8. Bf4 c6 9. Bd3 Nbd7 10. a4 a5 11. h3 Nd5 12. Nxd5 cxd5 13. c3 Nf6 14. 
Ne5 Bd6 15. Re1 Bc7 16. Bg5 h6 17. Bh4 g5 18. Bg3 Nd7 19. Qh5 Nxe5 20. 
Bxe5 Bxe5 21. Qxh6 f5 22. Rxe5 Qf6 23. Qxf6 Rxf6 24. g4 Bd7 25. gxf5 exf5 
26. Rxd5 Be6 27. Rd6 Raf8 28. Rxe6 Rxe6 29. Bc4 Kg7 30. Bxe6 1-0

[Event "Summer Server Series, S02067"]
[Site "CCLA"]
[Date "2020.08.28"]
[Round "?"]
[White "Shannon, Paul D."]
[Black "Smolensky, Randy"]
[Result "0-1"]
[WhiteElo "2002"]
[BlackElo "2158"]

1. e4 e5 2. Nf3 Nc6 3. d4 exd4 4. c3 dxc3 5. Bc4 d6 6. Nxc3 Nf6 7. Qb3 Qd7
8. Ng5 Ne5 9. Bb5 c6 10. f4 cxb5 11. fxe5 dxe5 12. Be3 a5 13. O-O a4 14. 
Qxb5 Bd6 15. Qe2 Ra5 16. Rad1 h6 17. Nf3 Qe7 18. Qe1 a3 19. Nd5 Nxd5 20. 
exd5 Rb5 21. b3 O-O 22. Qe2 Rb4 23. h3 f5 24. Bc1 Re4 25. Qb5 Qc7 26. Kh1 
Bd7 27. Qd3 Rc8 28. Nd2 Rd4 29. Qb1 b5 30. Nf3 Rxd1 31. Rxd1 Qc3 32. Bd2 
Qb2 33. Be3 Rc2 34. Qxb2 axb2 35. Ne1 Re2 36. Bb6 f4 37. Ba5 Bf5 0-1

[Event "Summer Server Series, S02067"]
[Site "CCLA"]
[Date "2020.08.28"]
[Round "?"]
[White "Shannon, Paul D."]
[Black "Silverman, Robert"]
[Result "1/2-1/2"]
[WhiteElo "2002"]
[BlackElo "1918"]

1. e4 c5 2. Nc3 e6 3. g3 a6 4. Bg2 Nc6 5. d3 Nf6 6. f4 d5 7. Bd2 d4 8. 
Nce2 e5 9. Nf3 Bd6 10. O-O O-O 11. fxe5 Nxe5 12. Nxe5 Bxe5 13. Nf4 Bg4 14.
 Qe1 Qd6 15. Qf2 Bd7 16. Rae1 b6 17. Kh1 Bc6 18. Nh3 a5 19. Ng5 h6 20. Nf3
Ng4 21. Qg1 Bf6 22. Bf4 Be5 23. Nxe5 Nxe5 24. Bxe5 Qxe5 25. Rf5 Qe7 26. 
Ref1 Bd7 27. R5f4 f6 28. Qf2 Rae8 29. c3 dxc3 30. bxc3 g5 31. Rxf6 Rxf6 
32. Qxf6 Qxf6 33. Rxf6 Be6 34. a3 Kg7 35. e5 Bf7 36. d4 cxd4 37. cxd4 Rd8 
38. Rxb6 Rxd4 39. Rd6 Ra4 40. Rd3 Rc4 41. Bd5 Rc5 42. e6 Bg6 43. e7 Kf6 
44. Kg1 Kxe7 45. Re3+ Kd6 46. Bb3 1/2-1/2

[Event "Summer Server Series, S02067"]
[Site "CCLA"]
[Date "2020.08.28"]
[Round "?"]
[White "Shannon, Paul D."]
[Black "Rouse, LaMont"]
[Result "1-0"]
[WhiteElo "2002"]
[BlackElo "1800"]

1. e4 d5 2. exd5 Nf6 3. Bb5+ Bd7 4. Bc4 Bg4 5. f3 Bh5 6. Nc3 c6 7. dxc6 
Nxc6 8. Nge2 e6 9. d4 Be7 10. O-O O-O 11. Be3 Nd5 12. Qd2 Nxc3 13. Qxc3 
Bg6 14. Qd2 Bf6 15. c3 Ne7 16. Bg5 Nd5 17. Bxf6 Nxf6 18. Nf4 Nd5 19. Nxg6 
hxg6 20. Rfe1 a6 21. Re5 Nf6 22. Rae1 b5 23. Bb3 Qb6 24. Qf2 Qc7 25. d5 
Nxd5 26. Bxd5 exd5 27. Rxd5 Qc4 28. Red1 Qxa2 29. h4 Qc4 30. R1d4 Qb3 31. 
h5 Rfb8 32. hxg6 fxg6 33. Qe2 Rf8 34. Qe6+ Rf7 35. Rd8+ 1-0

[Event "Summer Server Series, S02067"]
[Site "CCLA"]
[Date "2020.08.28"]
[Round "?"]
[White "Silverman, Robert"]
[Black "Smolensky, Randy"]
[Result "0-1"]
[WhiteElo "1918"]
[BlackElo "2158"]

1. d4 Nf6 2. c4 e5 3. dxe5 Ne4 4. Nf3 Nc6 5. e3 Bb4+ 6. Nbd2 Qe7 7. a3 
Bxd2+ 8. Nxd2 Nxd2 9. Bxd2 Nxe5 10. Be2 d6 11. O-O O-O 12. b3 b6 13. f4 
Nd7 14. Bf3 Rb8 15. Re1 Nc5 16. e4 Re8 17. b4 Nd3 18. Re2 Qf6 19. g3 Be6 
20. Be3 Ne5 21. Bf2 Nxf3+ 22. Kg2 Bg4 23. h3 Nh4+ 0-1

[Event "Summer Server Series, S02067"]
[Site "CCLA"]
[Date "2020.08.28"]
[Round "?"]
[White "Silverman, Robert"]
[Black "Shannon, Paul D."]
[Result "1-0"]
[WhiteElo "1918"]
[BlackElo "2002"]

1. c4 c5 2. Nf3 Nf6 3. Nc3 e6 4. g3 b6 5. Bg2 Bb7 6. O-O Nc6 7. d4 Nxd4 8.
 Nxd4 Bxg2 9. Kxg2 cxd4 10. Qxd4 Be7 11. e4 d6 12. b3 O-O 13. h3 Qc7 14. 
Rd1 Rfd8 15. Bb2 Ne8 16. Rd2 Bf6 17. Qe3 Qc5 18. Qe2 Qc6 19. Rad1 a6 20. 
Kh2 Nc7 21. a4 Bxc3 22. Bxc3 b5 23. Ba5 bxa4 24. e5 d5 25. bxa4 Rdc8 26. 
Bxc7 Qxc7 27. cxd5 Qa5 28. dxe6 fxe6 29. Ra2 Ra7 30. Rd6 Re8 31. f4 g6 32.
 Qe3 Rb7 33. h4 Reb8 34. Qd3 Rb6 35. Rd8+ Kg7 36. Qd7+ Kh6 37. Rxb8 Rxb8 
38. Qxe6 Rb1 39. Qf6 Qe1 40. Qf8+ Kh5 41. Qa8 Rb3 42. Rg2 Kg4 43. Qc8+ Kf3
44. Qc6+ 1-0

[Event "Summer Server Series, S02067"]
[Site "CCLA"]
[Date "2020.08.28"]
[Round "?"]
[White "Silverman, Robert"]
[Black "Rouse, LaMont"]
[Result "1-0"]
[WhiteElo "1918"]
[BlackElo "1800"]

1. c4 e5 2. Nc3 Nf6 3. Nf3 Nc6 4. e4 d6 5. d4 exd4 6. Nxd4 Nxd4 7. Qxd4 
Be7 8. Be2 O-O 9. O-O Be6 10. Be3 Ng4 11. Bf4 Bf6 12. Qd2 Ne5 13. b3 Ng6 
14. Bg3 Qc8 15. Rad1 a6 16. f4 Bg4 17. Nd5 Bd8 18. f5 Bxe2 19. Qxe2 Ne5 
20. Bxe5 dxe5 21. Qf2 c6 22. Nb6 Bxb6 23. Qxb6 Rd8 24. Rxd8+ Qxd8 25. Qxb7
c5 26. Qd5 Qxd5 27. cxd5 Kf8 28. f6 g6 29. g4 Ke8 30. Rc1 Rc8 31. Rc4 Kd7 
32. Ra4 Ra8 33. Ra5 Kd6 34. g5 Ra7 35. Kg2 Ra8 36. h4 Ra7 37. Kg3 Ra8 38. 
Kg4 Ra7 39. h5 Ra8 40. h6 Ra7 41. Kf3 Ra8 42. Ke3 Ra7 43. Kd3 Ra8 44. Kc4 
Ra7 45. Rxc5 a5 46. a4 Ra8 47. Rc6+ Kd7 48. Kb5 Rb8+ 49. Rb6 Rc8 50. Kxa5 
Rc3 51. Rb7+ Ke8 52. b4 Rc4 53. Rb8+ Kd7 54. Rf8 Rxe4 55. Rxf7+ Kd6 56. 
Rxh7 Rf4 57. Re7 Kxd5 58. h7 Rh4 59. f7 1-0

[Event "Summer Server Series, S02067"]
[Site "CCLA"]
[Date "2020.08.28"]
[Round "?"]
[White "Rouse, LaMont"]
[Black "Smolensky, Randy"]
[Result "0-1"]
[WhiteElo "1800"]
[BlackElo "2158"]

1. Nc3 d5 2. e4 c6 3. exd5 cxd5 4. d4 Nc6 5. Bf4 a6 6. Nf3 Bg4 7. Be2 e6 
8. O-O Nf6 9. h3 Bxf3 10. Bxf3 Bd6 11. Bxd6 Qxd6 12. Re1 O-O 13. a3 Rfe8 
14. Qd3 h6 15. Rad1 Rac8 16. Re3 Na5 17. Ree1 Nc4 18. Rb1 Qc7 19. Rec1 
Nxb2 20. Rxb2 Qxc3 21. Qxc3 Rxc3 22. Rxb7 Rec8 23. Rcb1 Rxc2 24. R1b6 Ra8 
25. Rb8+ Rxb8 26. Rxb8+ Kh7 27. Rb6 a5 28. Rb5 Rc1+ 29. Kh2 Rc4 30. Rxa5 
Rxd4 31. Ra7 Kg6 32. Ra8 e5 33. g3 Rd2 34. Kg1 e4 35. Bg2 d4 36. Ra6 Re2 
37. Rd6 d3 38. f3 d2 39. fxe4 Re1+ 0-1

[Event "Summer Server Series, S02067"]
[Site "CCLA"]
[Date "2020.08.28"]
[Round "?"]
[White "Rouse, LaMont"]
[Black "Shannon, Paul D."]
[Result "0-1"]
[WhiteElo "1800"]
[BlackElo "2002"]

1. Nc3 d5 2. e4 d4 3. Nce2 e5 4. Ng3 Be6 5. Nf3 Nd7 6. d3 f6 7. Be2 Ne7 8.
 O-O c5 9. Bd2 Nc6 10. a3 Be7 11. c3 O-O 12. cxd4 cxd4 13. b4 b5 14. Rc1 
Qb6 15. h3 Rfc8 16. Nh4 Nd8 17. Nhf5 Bf8 18. Rxc8 Rxc8 19. Qb1 Nf7 20. Rc1
Rxc1+ 21. Qxc1 g6 22. Nh6+ Nxh6 23. Bxh6 Bxh6 24. Qxh6 Qc7 25. h4 Qc3 26. 
h5 Nf8 27. hxg6 hxg6 28. Bh5 Qe1+ 29. Kh2 Qxf2 30. Bxg6 Qf4 31. Qh5 Bg4 
32. Bf7+ Kg7 33. Qh4 Kxf7 0-1

[Event "Summer Server Series, S02067"]
[Site "CCLA"]
[Date "2020.08.28"]
[Round "?"]
[White "Rouse, LaMont"]
[Black "Silverman, Robert"]
[Result "0-1"]
[WhiteElo "1800"]
[BlackElo "1918"]

1. Nc3 g6 2. e4 c6 3. f4 d5 4. e5 Bg7 5. Nf3 Nh6 6. d4 O-O 7. Be2 f6 8. 
O-O e6 9. Rb1 Nd7 10. Be3 a6 11. h3 b6 12. g4 Nf7 13. g5 fxe5 14. Nxe5 Bb7
15. Nxf7 Rxf7 16. Bg4 Qe7 17. h4 c5 18. h5 cxd4 19. Bxd4 e5 20. fxe5 Nxe5 
21. Rxf7 Qxf7 22. Qf1 Nxg4 23. Qxf7+ Kxf7 24. hxg6+ Kxg6 25. Bxg7 Kxg7 26.
 Na4 Bc6 27. b3 Ne5 28. Rd1 Rb8 29. Nb2 Nf3+ 30. Kf2 Nxg5 31. Nd3 Rf8+ 32.
 Kg2 d4+ 33. Kg3 Bf3 34. Re1 Ne4+ 35. Kh2 Rf5 36. Rg1+ Kh8 37. Nf2 Nxf2 
0-1

[Event "Summer Server Series, S02068"]
[Site "CCLA"]
[Date "2020.08.28"]
[Round "?"]
[White "Smith, Jason A."]
[Black "Strelecky, Rich"]
[Result "0-1"]
[WhiteElo "1741"]
[BlackElo "1714"]

1. Nf3 d5 2. e4 dxe4 3. Ng5 Qd5 4. d3 exd3 5. Bxd3 h6 6. Nf3 Bg4 7. Nc3 
Qe6+ 8. Be3 Nc6 9. h3 Bh5 10. Bb5 Rd8 11. Qe2 a6 12. Ba4 b5 13. Bb3 Bxf3 
14. Qxf3 Nd4 15. Bxe6 Nxf3+ 16. gxf3 fxe6 17. Ne4 Nf6 18. Nc5 Rd6 19. Rd1 
Nd5 20. Nxe6 Nxe3 21. Rxd6 Nxc2+ 22. Kd2 exd6 23. Kxc2 Kd7 24. Nf4 Rg8 25.
 Re1 c6 26. Ng6 d5 27. f4 Bb4 28. Re2 Bc5 29. f3 Kc7 30. Re6 d4 31. f5 Rb8
32. f6 gxf6 33. Rxf6 Re8 34. Nf4 Re3 35. Rxh6 Rxf3 36. Ne6+ Kb6 37. Nd8 
d3+ 38. Kc3 b4+ 39. Kc4 Rf4+ 40. Kb3 d2 41. Rxc6+ Kb5 42. Kc2 Be7 43. Ne6 
Re4 44. Rc8 Rxe6 45. Kxd2 Rh6 46. Rb8+ Kc5 47. Ra8 Kb6 48. Rb8+ Kc7 49. 
Ra8 Bc5 50. b3 Kb7 51. Re8 Rxh3 52. Re5 Kc6 53. Re6+ Bd6 54. Kc2 Rh2+ 55. 
Kb1 Kd5 56. Rg6 Rh1+ 57. Kb2 Be5+ 58. Kc2 Rh2+ 59. Kb1 Rb2+ 60. Kc1 Rxa2 
61. Rb6 Ke4 62. Rxb4+ Kd3 63. Kb1 Ra1# 0-1

[Event "Summer Server Series, S02068"]
[Site "CCLA"]
[Date "2020.08.28"]
[Round "?"]
[White "Smith, Jason A."]
[Black "Avery, Bryce"]
[Result "1-0"]
[WhiteElo "1741"]
[BlackElo "1662"]

1. Nf3 Nf6 2. d4 d5 3. Nbd2 Bf5 4. e3 e6 5. Bd3 Bg6 6. Bxg6 hxg6 7. Ne5 
Nbd7 8. c4 Bd6 9. f4 Bxe5 10. dxe5 Ng8 11. cxd5 exd5 12. Qb3 Nb6 13. Nf3 
Ne7 14. Bd2 Qd7 15. h3 Nf5 16. Kf2 c5 17. Rhd1 Nc4 18. Rac1 O-O 19. Qc2 
Rac8 20. b3 Nxd2 21. Qxd2 Rfd8 22. e4 Nd4 23. Nxd4 cxd4 24. Rxc8 Qxc8 25. 
Qxd4 1-0

[Event "Summer Server Series, S02068"]
[Site "CCLA"]
[Date "2020.08.28"]
[Round "?"]
[White "Smith, Jason A."]
[Black "Zarges, Ron V."]
[Result "1/2-1/2"]
[WhiteElo "1741"]
[BlackElo "1786"]

1. Nf3 Nf6 2. c4 g6 3. g3 Bg7 4. Bg2 O-O 5. O-O d5 6. cxd5 Nxd5 7. Nc3 Nc6
8. d4 e5 9. Nxe5 Nxc3 10. Nxc6 Nxd1 11. Nxd8 Nxf2 12. Nxb7 Nh3+ 13. Kh1 
Bxd4 14. Nd6 cxd6 15. Bxa8 Nf2+ 16. Rxf2 Bxf2 17. Kg2 Bd4 18. Bd5 Be6 19. 
Bxe6 fxe6 20. e3 Be5 21. Rb1 Rc8 22. Kf3 Rc2 23. h4 Kf7 24. a3 Rh2 25. e4 
Rh1 26. b4 Bc3 27. Ke2 Rg1 28. Kf2 Bd4+ 29. Kf3 Be5 30. g4 Rf1+ 31. Kg2 
Rd1 32. g5 Bf4 33. Bxf4 Rxb1 34. Bxd6 Rb3 35. a4 a6 36. Kh2 Ke8 37. Kg2 
Kd7 38. Bc5 Ra3 39. a5 Rb3 40. Kh2 Kc6 41. Kg2 Kb5 42. Kh2 Rxb4 43. Bxb4 
Kxb4 44. Kg3 Kxa5 45. Kf4 Kb5 46. Ke5 a5 47. Kxe6 a4 48. Kf7 a3 49. e5 a2 
50. e6 a1=Q 51. e7 Qf1+ 1/2-1/2

[Event "Summer Server Series, S02068"]
[Site "CCLA"]
[Date "2020.08.28"]
[Round "?"]
[White "Strelecky, Rich"]
[Black "Smith, Jason A."]
[Result "1-0"]
[WhiteElo "1714"]
[BlackElo "1741"]

1. Nc3 c6 2. e4 d5 3. exd5 cxd5 4. d4 Nf6 5. Nf3 Bg4 6. Bb5+ Nbd7 7. O-O 
e6 8. Bg5 Be7 9. h3 Bxf3 10. Qxf3 O-O 11. Rfe1 Rc8 12. Qe2 a6 13. Ba4 b5 
14. Bb3 Bb4 15. a4 Bxc3 16. bxc3 Qb6 17. axb5 axb5 18. Bxf6 Nxf6 19. Qf3 
Ne4 20. Re3 Qc6 21. Ra7 Nxc3 22. Qf4 Qb6 23. Rd7 Ne4 24. Rd3 Qa5 25. Kh2 
Qe1 26. Re3 Qxf2 27. Rxe4 Qxf4+ 28. Rxf4 f5 29. h4 Rf7 30. Rd6 Re7 31. Rb6
Kf7 32. g3 h6 33. Rf2 g5 34. h5 g4 35. Kg2 Rec7 36. Re2 Rc6 37. Rxb5 Kf6 
38. Rb7 R8c7 39. Rxc7 Rxc7 40. Ba4 Rc4 41. Bd7 Rxd4 42. Rxe6+ Kg7 43. Rg6+
Kf7 44. Bxf5 Rd2+ 45. Kf1 d4 46. Rxh6 Rh2 47. Rc6 Kg7 48. Bxg4 Kh7 49. Kg1
Rd2 50. Bf5+ Kg7 51. h6+ Kf7 52. h7 Kg7 53. Rc7+ Kf6 54. h8=Q+ Kxf5 55. 
Qh5+ Ke4 56. Re7# 1-0

[Event "Summer Server Series, S02068"]
[Site "CCLA"]
[Date "2020.08.28"]
[Round "?"]
[White "Strelecky, Rich"]
[Black "Avery, Bryce"]
[Result "1/2-1/2"]
[WhiteElo "1714"]
[BlackElo "1662"]

1. Nc3 e5 2. Nf3 d6 3. e3 f5 4. Be2 Nf6 5. O-O Nc6 6. d4 Be7 7. dxe5 dxe5 
8. Qxd8+ Bxd8 9. Bc4 Bd7 10. Bb5 e4 11. Bxc6 Bxc6 12. Ne5 Bd7 13. Nxd7 
Nxd7 14. Rd1 c6 15. Ne2 g5 16. Nd4 Rf8 17. Ne6 Rf7 18. Bd2 Nb6 19. Bc3 Nd5
20. Bd4 Rc8 21. Ng7+ Kf8 22. Ne6+ Ke8 23. Bxa7 b6 24. c4 Rxa7 25. cxd5 c5 
26. Nxd8 Rxd8 27. Rd2 Rad7 28. Rad1 Ke7 29. a4 Kf6 30. f4 exf3 31. gxf3 
Ke5 32. f4+ gxf4 33. exf4+ Kxf4 34. d6 Rg8+ 35. Kf2 h5 36. Rd3 Rg6 37. h4 
Ke5 38. Rd5+ Kf6 39. a5 bxa5 40. Rxc5 Rg4 41. Rdd5 Rxh4 42. Rxf5+ Ke6 43. 
Rxh5 Rxh5 44. Rxh5 Rxd6 45. Ke3 Kd7 46. Rxa5 Rb6 47. Ra2 Kc6 48. Kd4 Kb5 
49. Kc3 Rc6+ 50. Kb3 Rc7 51. Ra4 Rc1 52. Ra8 Kb6 53. Ra4 Kb5 54. Ra8 Kb6 
55. Rh8 Kb5 56. Ka2 Rc2 57. Rb8+ Ka4 58. Kb1 Rh2 59. b3+ Ka5 60. b4+ Ka6 
61. Kc1 Rg2 62. Kb1 Rh2 1/2-1/2

[Event "Summer Server Series, S02068"]
[Site "CCLA"]
[Date "2020.08.28"]
[Round "?"]
[White "Strelecky, Rich"]
[Black "Zarges, Ron V."]
[Result "1/2-1/2"]
[WhiteElo "1714"]
[BlackElo "1786"]

1. Nc3 c5 2. Nf3 Nf6 3. e4 Nc6 4. d4 cxd4 5. Nxd4 d6 6. Be2 e5 7. Nf3 h6 
8. O-O Be7 9. Re1 O-O 10. h3 b6 11. Bb5 Bb7 12. b3 a6 13. Bxc6 Bxc6 14. 
Nd5 Nxd5 15. exd5 Bd7 16. Bb2 b5 17. Qd2 Rc8 18. Re2 Bf5 19. Qd1 Rc7 20. 
a4 Qc8 21. Ne1 Qb7 22. axb5 axb5 23. Kh2 Ra8 24. Rxa8+ Qxa8 25. b4 Rc4 26.
 c3 Bf6 27. Nc2 Bg5 28. Ne3 Bxe3 29. fxe3 e4 30. Rf2 Bg6 31. Rd2 f5 32. 
Rd4 Bf7 33. Rd2 Bg6 34. Qa1 Qxa1 35. Bxa1 Kf7 36. Kg3 Kf6 37. Kf4 Bf7 38. 
g4 fxg4 39. hxg4 g5+ 40. Kg3 Kg6 41. Bb2 Rc8 1/2-1/2

[Event "Summer Server Series, S02068"]
[Site "CCLA"]
[Date "2020.08.28"]
[Round "?"]
[White "Avery, Bryce"]
[Black "Smith, Jason A."]
[Result "0-1"]
[WhiteElo "1662"]
[BlackElo "1741"]

1. c4 c6 2. Nf3 d5 3. d4 Nf6 4. Nc3 e6 5. Bg5 h6 6. Bh4 dxc4 7. e4 g5 8. 
Bg3 b5 9. Be2 Bb7 10. O-O Nbd7 11. Ne5 h5 12. Nxd7 Qxd7 13. Be5 Bg7 14. b3
cxb3 15. Qxb3 O-O 16. a4 a6 17. Rfd1 g4 18. axb5 cxb5 19. d5 exd5 20. exd5
Rfe8 21. Bxf6 Bxf6 22. Rac1 Bxc3 23. Qxc3 Rxe2 24. Qf6 Qe7 25. Qh6 Bxd5 
26. Qxh5 Re5 0-1

[Event "Summer Server Series, S02068"]
[Site "CCLA"]
[Date "2020.08.28"]
[Round "?"]
[White "Avery, Bryce"]
[Black "Strelecky, Rich"]
[Result "0-1"]
[WhiteElo "1662"]
[BlackElo "1714"]

1. e4 d5 2. exd5 Nf6 3. c4 c6 4. Nc3 cxd5 5. d4 e6 6. c5 Be7 7. Nf3 O-O 8.
 Bd3 b6 9. b4 Nbd7 10. O-O Bb7 11. Re1 a5 12. bxa5 bxc5 13. Rb1 cxd4 14. 
Nb5 Rxa5 15. Nbxd4 Nc5 16. Qc2 Nxd3 17. Qxd3 Ba6 18. Qc2 Rc5 19. Qa4 Qa8 
20. Nxe6 fxe6 21. Rxe6 Bd3 22. Qxa8 Rxa8 23. Ra1 Bd8 24. Be3 Rca5 25. Bg5 
Rxa2 26. Rxa2 Rxa2 27. h3 h6 28. Be3 Ra1+ 29. Kh2 Ra6 0-1

[Event "Summer Server Series, S02068"]
[Site "CCLA"]
[Date "2020.08.28"]
[Round "?"]
[White "Avery, Bryce"]
[Black "Zarges, Ron V."]
[Result "0-1"]
[WhiteElo "1662"]
[BlackElo "1786"]

1. d4 Nf6 2. c4 e6 3. Nf3 c5 4. d5 d6 5. Nc3 exd5 6. cxd5 g6 7. e4 a6 8. 
a4 Bg4 9. Be2 Bxf3 10. Bxf3 Nbd7 11. Bf4 Qb8 12. O-O Bg7 13. Re1 O-O 14. 
Qb3 Re8 15. Bd1 Qc7 16. Bg3 Ne5 17. f4 Nd3 18. Re2 c4 19. Qa3 Qb6+ 20. Kh1
Ng4 21. a5 Ngf2+ 22. Bxf2 Nxf2+ 23. Kg1 Nh3+ 0-1

[Event "Summer Server Series, S02068"]
[Site "CCLA"]
[Date "2020.08.28"]
[Round "?"]
[White "Zarges, Ron V."]
[Black "Smith, Jason A."]
[Result "1/2-1/2"]
[WhiteElo "1786"]
[BlackElo "1741"]

1. e4 c6 2. d4 d5 3. exd5 cxd5 4. c4 Nf6 5. Nc3 e6 6. Nf3 Bb4 7. cxd5 Nxd5
8. Bd2 Nc6 9. Bd3 O-O 10. O-O h6 11. a3 Be7 12. Qe2 Qb6 13. Be3 Nxe3 14. 
fxe3 Bd7 15. d5 exd5 16. Nxd5 Qc5 17. Nxe7+ Nxe7 18. Rac1 Qb6 19. Nd4 Nc6 
20. Nxc6 Bxc6 21. Kh1 Rae8 22. e4 f5 23. Rc4 Bb5 24. Rb4 Bxd3 25. Qxd3 Qc6
26. exf5 Rd8 27. Rd4 Rxd4 28. Qxd4 Qc2 29. Qxa7 Rxf5 30. Rxf5 Qb1+ 31. Qg1
Qxf5 32. h3 Qc2 33. Qb6 Qc1+ 34. Kh2 Qf4+ 35. Kg1 Qc1+ 36. Kh2 Qf4+ 37. 
Kg1 Qc1+ 38. Kh2 Qf4+ 1/2-1/2